Návody do cvičenia z organickej chémie ... učeb. text pre internú potrebu štud. Prírodoved. fak. UPJŠ

Bibliographic Details
Main Author: Dzurilla, Milan, 1938-2003 (Author)
Format: Book
Language:Slovak
PhysicalDescription:[2], 247 s. 4°
Published: Košice Univerzita P.J. Šafárika 1971
Series:Vysokoškolské učebné texty
Subjects:

MARC

LEADER 00000cam a2200000 a 4500
001 vtls008353703
003 SK-MaSNL
005 20260302041515.0
008 240509s1971 xo a e 00 0 slo
015 |a SNBA1971/12-02903 
035 |a SK01SNK19710045920 
035 |a SKM000048383 
040 |a SNK  |b slo  |c SNK  |e AACR2 
041 0 |a slo 
044 |a xo  |c SK 
080 |a 547(075.8)(076.5)  |2 1981 
245 0 0 |a Návody do cvičenia z organickej chémie  |b ... učeb. text pre internú potrebu štud. Prírodoved. fak. UPJŠ  |c autori: M. Dzurilla ... [et al.] 
260 |a Košice  |b Univerzita P.J. Šafárika  |c 1971 
300 |a [2], 247 s.  |c 4° 
490 1 |a Vysokoškolské učebné texty 
500 |a Ilustr. Pozn. Tb. Fot. Schémy. Zozn. prác 
563 |a 200 výtl. 
650 0 7 |a chémia organická  |x cvičenia praktické  |x návody  |2 SNK  |9 693146 
655 7 |a Textbooks (higher)  |2 SNKPHeng  |9 276436 
655 7 |a učebnice vysokých škôl  |2 SNKPH  |9 70191 
655 7 |a učebnice  |2 SNKPH  |9 22521 
700 1 |a Dzurilla, Milan,  |d 1938-2003  |4 aut  |9 221484 
830 0 |a Vysokoškolské učebné texty  |9 276539 
958 |a OND 
958 |a RM 
958 |a RK 
958 |a UV 
999 |c 1079017  |d 1080947 
952 |a SNK  |b SNK  |y PREZ  |7 0  |p 17A0890440  |o snkSB 17678  |i snkKSP 80/72  |0 0  |1 0  |4 0  |d 2015-02-26  |l 0  |r 2025-03-19 00:00:00  |w 2026-02-24